|
|
|
|
| LEADER |
00000nam a22000007a 4500 |
| 005 |
20190919005430.0 |
| 007 |
cr|||| |||| |
| 008 |
190919s2019 in |||||s|||| 00||0 eng d |
| 020 |
|
|
|a 9786139443789
|
| 035 |
|
|
|a 29643
|
| 040 |
|
|
|a vLex
|
| 090 |
|
|
|c 9581
|d 9581
|
| 100 |
1 |
|
|a Dharmapuri Selvakumar, Madhumitha
|
| 245 |
1 |
0 |
|a Model Projects
|h [Recurso electrn̤ico] :
|b For Under Graduate Law students /
|c Madhumitha Dharmapuri Selvakumar
|
| 256 |
|
|
|a Servicio en ln̕ea
|
| 260 |
|
|
|a Nueva Delhi:
|b Lambert Academic Publishing,
|c 2019
|
| 300 |
|
|
|a 1 recurso electrn̤ico
|
| 500 |
|
|
|a This book contains the author's original work done during her academic study at National Law University-Tamil Nadu, India. The book focuses on the target group of undergraduate law students to give an understanding and insight in preparing projects of prevailing issues that need to be Researched and addressed throughout the world. The Chapters covered are varying from Constitutional Law to the evidence law in India and also suitable for study in International Law.
|
| 506 |
1 |
|
|a Disponible solo en los productos indicados
|d vLex Global
|d vLex Global (Academic Edition, excluding Law Schools)
|d vLex Global (U.S. Academic Edition, Law Schools)
|d vLex Global (U.S. Academic Edition, excluding Law Schools)
|d vLex Global (Academic Edition, Law Schools)
|
| 650 |
0 |
4 |
|a Derecho Pb︢lico y Administrativo
|z India
|
| 740 |
0 |
|
|a vLex Libros (Servicio en ln̕ea)
|
| 856 |
4 |
0 |
|u http://vlex.com/source/29643
|z Acceso restringido
|
| 942 |
|
|
|c BOOK
|
| 999 |
0 |
|
|a Public and Administrative Law
|